Expenditure control and budgetary reforms in railways: an analytic study (Record no. 501519)

000 -LEADER
fixed length control field 00445cam a22001337a 4500
008 - FIXED-LENGTH DATA ELEMENTS--GENERAL INFORMATION
fixed length control field 180718b1990 xxu||||| |||| 00| 0 eng d
082 ## - DEWEY DECIMAL CLASSIFICATION NUMBER
Classification number APPPA 89-90 ASH
100 ## - MAIN ENTRY--PERSONAL NAME
Personal name Ashok, R.
245 ## - TITLE STATEMENT
Title Expenditure control and budgetary reforms in railways: an analytic study
Statement of responsibility, etc. by R. Ashok
260 ## - PUBLICATION, DISTRIBUTION, ETC.
Place of publication, distribution, etc. New Delhi
Name of publisher, distributor, etc. Indian Institute of Public Administration
Date of publication, distribution, etc. 1990
300 ## - PHYSICAL DESCRIPTION
Extent 76+p.
650 ## - SUBJECT ADDED ENTRY--TOPICAL TERM
Topical term or geographic name entry element Railways-Budgetary reforms
650 ## - SUBJECT ADDED ENTRY--TOPICAL TERM
Topical term or geographic name entry element Expenditure control
Holdings
Withdrawn status Lost status Damaged status Not for loan Permanent Location Current Location Date acquired Full call number Barcode Date last seen Price effective from Koha item type
        Indian Institute of Public Administration Indian Institute of Public Administration 2018-08-04 APPPA 89-90 ASH GR12348 2018-08-04 2018-08-04 GR

Powered by Koha